000 00636nam a2200205 i 4500
001 37047
003 ES-MaACL
005 20230906155507.0
007 t|
008 030220s1973 sp ||||1| spa d
100 1 _aBrugnoli, Pietro.
_932097
245 1 3 _aEl coraje de ser libre
_b: misión y estructura de la Iglesia /
_cpor Pietro Brugnoli.
250 _a1ª ed.
260 _aMadrid :
_bRazón y Fé,
_c[1973]
300 _a406 p. ;
_c19 cm.
490 1 _aCurso universitario de Teología ;
_v3
830 0 _aCurso universitario de Teología ;
_v3
_9229623
852 _aES-MaACL
_jC-55700
_bR.88419
999 _c37047
_d37047